日本百名湯クイズ♨︎ - Statistics

General Stats
  • This quiz has been taken 530 times
  • The average score is 20 of 100
Answer Stats
都道府県 % Correct
群馬県 草津温泉
79%
北海道 登別温泉
70%
兵庫県 有馬温泉
61%
岐阜県 下呂温泉
54%
静岡県 熱海温泉
54%
愛媛県 道後温泉
52%
山形県 銀山温泉
51%
栃木県 鬼怒川温泉
51%
群馬県 伊香保温泉
50%
兵庫県 城崎温泉
47%
鹿児島県 指宿温泉
43%
青森県 酸ヶ湯温泉
42%
大分県 由布院温泉
42%
北海道 定山渓温泉
41%
宮城県 鳴子温泉郷
41%
秋田県 乳頭温泉郷
41%
山口県 湯田温泉
41%
神奈川県 湯河原温泉
39%
佐賀県 嬉野温泉
39%
佐賀県 武雄温泉
38%
北海道 洞爺湖温泉
35%
鹿児島県 霧島温泉郷
34%
群馬県 四万温泉
33%
島根県 玉造温泉
32%
栃木県 那須温泉郷
31%
長野県 野沢温泉
31%
静岡県 伊東温泉
31%
神奈川県 箱根湯本温泉
30%
熊本県 黒川温泉
30%
石川県 山中温泉
29%
福島県 飯坂温泉
27%
長野県 湯田中温泉
27%
鳥取県 三朝温泉
24%
石川県 山代温泉
23%
静岡県 修善寺温泉
23%
和歌山県 南紀白浜温泉
23%
長野県 白骨温泉
22%
長崎県 雲仙温泉
22%
栃木県 塩原温泉郷
21%
島根県 温泉津温泉
20%
奈良県 十津川温泉
19%
北海道 ニセコ温泉郷
18%
愛知県 湯谷温泉
18%
長野県 別所温泉
17%
新潟県 越後湯沢温泉
16%
三重県 榊原温泉
16%
兵庫県 湯村温泉
15%
大分県 鉄輪温泉
15%
和歌山県 龍神温泉
14%
秋田県 玉川温泉
13%
福島県 東山温泉
12%
京都府 木津温泉
11%
山口県 長門湯本温泉
11%
徳島県 祖谷温泉
11%
熊本県 地獄温泉
11%
山形県 赤倉温泉
10%
石川県 粟津温泉
10%
岡山県 湯原温泉郷
10%
宮城県 遠刈田温泉
9%
山形県 瀬見温泉
9%
和歌山県 南紀勝浦温泉
9%
岡山県 奥津温泉
9%
宮崎県 京町温泉
9%
和歌山県 湯の峰温泉
8%
長崎県 小浜温泉
8%
熊本県 日奈久温泉
8%
岩手県 夏油温泉
7%
栃木県 奥鬼怒温泉郷
7%
長野県 小谷温泉
7%
福岡県 二日市温泉
7%
熊本県 杖立温泉
7%
北海道 朝日温泉
6%
青森県 蔦温泉
6%
北海道 養老牛温泉
5%
秋田県 後生掛温泉
5%
神奈川県 芦之湯温泉
5%
新潟県 松之山温泉
5%
富山県 黒部峡谷温泉郷
5%
山梨県 西山温泉
5%
大分県 明礬温泉
5%
大分県 長湯温泉
5%
北海道 菅野温泉
4%
岩手県 花巻南温泉峡
4%
秋田県 秋ノ宮温泉郷
4%
福島県 二岐温泉
4%
富山県 大牧温泉
4%
鳥取県 関金温泉
4%
岩手県 須川高原温泉
3%
宮城県 峩々温泉
3%
群馬県 法師温泉
3%
神奈川県 塔之沢温泉
3%
山梨県 奈良田温泉
3%
岐阜県 福地温泉
3%
鳥取県 岩井温泉
3%
島根県 有福温泉
3%
熊本県 垂玉温泉
3%
大分県 川底温泉
3%
長野県 中房温泉
2%
鹿児島県 新川渓谷温泉郷
2%
鹿児島県 栗野岳温泉
2%
No matching quizzes found
Score Distribution
Percent of People with Each Score
Percentile by Number Answered
Your Score History
You have not taken this quiz